| 000 | 01112nam0a22003011 4500 | ||
|---|---|---|---|
| 001 | rc\2283955 | ||
| 005 | 20250623042746.0 | ||
| 035 | _a(NLR Aleph) 006562900 | ||
| 090 |
_a6862771 _c6862771 |
||
| 100 | _a20110829d1976 |||y0rusy50 ca | ||
| 101 | 0 | _arus | |
| 102 | _aRU | ||
| 105 | _ay j ||||| | ||
| 200 | 1 |
_aУчебное пособие по английскому языку для поступающих в вузы _dEnglish for higher school applicants _fЕ.А. Бонди, П.В. Царев |
|
| 210 |
_aМосква _cИзд-во Моск. ун-та _d1976 |
||
| 215 |
_a270 с. _d20 |
||
| 510 | 0 |
_aEnglish for higher school applicants _zeng |
|
| 606 |
_aАнглийский язык _jУчебники и пособия _2psbo |
||
| 686 |
_aШ143.21-922.4 _2rubbk |
||
| 700 | 1 |
_aБонди _bЕ.А. _gЕвгений Александрович |
|
| 701 | 1 |
_aЦарев _bП.В. _gПетр Владимирович |
|
| 801 | 0 |
_aRU _bNLR _gpsbo |
|
| 801 | 1 |
_aRU _bELAR _2rusmarc |
|
| 852 |
_aNLR _j76-3/4960 |
||
| 899 |
_aRuMoRGB _jM 76-2/186 |
||
| 899 |
_aRuMoRGB _jM 76-2/187 |
||
| 942 | _cBOOK | ||
| 980 | _aNB | ||